000 00771nam a2200241Ii 4500
003 JO-AjNU
005 20240623134726.0
008 230605s9999||||xx |||||||||||||| ||und||
017 _a1985/5401
040 _aJO-AjNU
_bara
_erda
_cJO-AjNU
041 _aara
050 1 4 _aPJ6161.M822 1985
100 3 _aحققه عبد التواب رمضان,
_eauthor
_916692
245 0 0 _aالبلاغة لأبي العباس محمد بن يزيد المبرد
250 _aط2
264 3 1 _aالقاهرة: مكتبة الثقافة المدنية، 1985
300 _a111صفحة
336 _atext
_btxt
_2rdacontent
337 _aunmediated
_bn
_2rdamedia
338 _avolume
_bnc
_2rdacarrier
650 4 _aاللغة العربية-البلاغة
_916693
942 _2lcc
_cBK
999 _c8571
_d8571